|
|
|
|
| LEADER |
01733cam a2200481 a 4500 |
| 001 |
nkc20092008925 |
| 003 |
CZ PrNK |
| 005 |
20181120235006.0 |
| 007 |
ta |
| 008 |
091009s2009 xr af e f 000 0 cze d |
| 015 |
|
|
|a cnb002008925
|
| 020 |
|
|
|a 978-80-87156-44-5
|q (váz.)
|
| 035 |
|
|
|a (OCoLC)707607655
|
| 040 |
|
|
|a KLG001
|b cze
|
| 072 |
|
7 |
|a 641
|x Kuchařství. Potraviny. Vařená jídla
|2 Konspekt
|9 19
|
| 080 |
|
|
|a 641.885
|2 MRF
|
| 080 |
|
|
|a 641.55
|2 MRF
|
| 080 |
|
|
|a (035)
|2 MRF
|
| 080 |
|
|
|a (083.12)
|2 MRF
|
| 100 |
1 |
|
|a Lánská, Dagmar
|7 jk01071572
|4 aut
|
| 245 |
1 |
0 |
|a Koření pro chuť a vůni, aneb, Bez koření není vaření /
|c Dagmar Lánská ; [fotografie] Milan Zemina
|
| 246 |
3 |
0 |
|a Bez koření není vaření
|
| 250 |
|
|
|a Vyd. 2., přeprac. a dopl., V TeMi 1.
|
| 260 |
|
|
|a Velké Bílovice :
|b TeMi CZ,
|c 2009
|
| 300 |
|
|
|a 159 s., [16] s. obr. příl. :
|b barev. il. ;
|c 21 cm
|
| 490 |
1 |
|
|a Vaří TeMi ;
|v 15
|
| 500 |
|
|
|a Část. tištěno napříč
|
| 650 |
0 |
7 |
|a koření
|7 ph115004
|2 czenas
|
| 650 |
0 |
7 |
|a jídla
|7 ph114847
|2 czenas
|
| 650 |
0 |
9 |
|a spices
|2 eczenas
|
| 650 |
0 |
9 |
|a meals
|2 eczenas
|
| 655 |
|
7 |
|a příručky
|7 fd133209
|2 czenas
|
| 655 |
|
7 |
|a kuchařské recepty
|7 fd132687
|2 czenas
|
| 655 |
|
9 |
|a handbooks and manuals
|2 eczenas
|
| 655 |
|
9 |
|a cookbooks
|2 eczenas
|
| 700 |
1 |
|
|a Zemina, Milan,
|d 1935-2011
|7 jn19990010041
|4 pht
|
| 830 |
|
0 |
|a Vaří TeMi
|0 s
|
| 856 |
4 |
1 |
|u http://www.digitalniknihovna.cz/mzk/uuid/uuid:edcdcb00-6a38-11e8-8470-005056827e52
|y Digitalizovaný dokument
|x NDK
|
| 910 |
2 |
|
|a BOA001
|b 2-1328.674
|
| 990 |
|
|
|a BK
|
| 995 |
|
|
|a 01
|
| 991 |
|
|
|b 201406
|c NOV
|e n
|
| 996 |
6 |
|
|b 2610595164
|c 2-1328.674
|l MZK
|r Sklad / do 1 hodiny
|n 0
|p p.v.
|w 001428705
|u 000010
|a 1
|e BOA001
|j MZK50
|s P
|